000 01051nam1a2200277 4500
001 RU\NLR\BIBL_A\011653399
005 20250807190207.0
035 _a(NLR Aleph) 011653399
090 _a77458
_c77458
100 _a20180307d1943 c y0rusy50 ca
101 0 _achv
102 _aRU
105 _ay z 000 y
200 1 _aГеографи
_eпуçлăмěш шк. ... вěренмелли кěнеке
_fЛ. Г. Тереховăпа В. Г. Эрдели
205 _a6-мěш изд.
210 _aШупашкар
_cЧăваш АССР Гос. изд-ви
_d1943
215 _d22
541 1 _aГеография
_eучебник для нач. шк.
689 1 _aД82
700 1 _aТерехова
_bЛ. Г.
_gЛидия Григорьевна
_3RU\NLR\AUTH\770278601
701 1 _aЭрдели
_bВ. Г.
_f1886-1968
_gВладимир Георгиевич
_3RU\NLR\AUTH\770268140
852 _aNLR
_bОНЛ
_jЧув./3-532
942 _cBOOK
945 _aРоссийская национальная библиотека
980 _aBV